| 000 | 00388 a2200133 4500 | ||
|---|---|---|---|
| 001 | ART_42419 | ||
| 005 | 20260410161755.0 | ||
| 008 | 260409a | ||
| 245 | 1 | 0 | _aImpuesto a los débitos y créditos bancarios |
| 100 | 1 | _aVega, Gerardo E. | |
| 700 | 1 | _aVega, Juan Manuel | |
| 700 | 1 | _aVega, María S. | |
| 773 | 0 |
_tDoctrina tributaria _g- Nº 447 (jun. 2017) _wREV4296 |
|
| 999 |
_c20084 _d20084 |
||